| 000 | 00958cam a2200217 4500 | ||
|---|---|---|---|
| 001 | ABS65380 | ||
| 008 | 020430n2002 000 0 eng u | ||
| 035 | _a(Sirsi) u117786 | ||
| 100 | _aClover, C | ||
| 245 | 4 | _aThe pain of rain on the plain | |
| 260 | _c2002 | ||
| 490 |
_aCountry Life _v196(15) 11 April 2002, 128-129(2) |
||
| 520 | _aArgues that official maps of who is at risk of flooding mean that home-owners with properties on flood plains, will have to pay higher insurance premiums or possibly a new 'flood tax'. Environment Agency maps may be inaccurate, and there is no right of appeal against entries. Points out that government needs to review this system of assessing areas liable to flooding and ensuing costs. | ||
| 590 | _aABS | ||
| 650 | _aFLOODING | ||
| 650 | _aFLOODPLAINS | ||
| 650 | _aINSURANCE CLAIMS | ||
| 650 | _aINSURANCE PREMIUMS | ||
| 690 | _aENVIRONMENTAL AND LAND CONSULTANCY-ENVIRONMENTAL MANAGEMENT | ||
| 942 | _n0 | ||
| 999 |
_c70136 _d70136 |
||